| 000 | 00779nam a2200229 a 4500 | ||
|---|---|---|---|
| 005 | 20240806064202.0 | ||
| 008 | 050920s1972 mx r 000 0 spa d | ||
| 020 | _a8470303597 | ||
| 035 | _aUPN01000140155 | ||
| 049 | _aCG | ||
| 050 | 4 |
_aBF173 F8.5 _bB4.9 |
|
| 100 | 1 | _aBecker, Raymond de | |
| 245 | 1 | 3 |
_aLa vida trágica de Sigmund Freud _b/ _cRaymond de Becker ; tr. José Germain y Federico Soto. |
| 260 |
_aMadrid : _bBiblioteca Nueva, _c1972. |
||
| 300 |
_a325 p. : _bil. |
||
| 500 | _aDatos tomados de la cubierta | ||
| 500 | _aTítulo de la cubierta : Sigmund Freud : biografía : la vida trágica | ||
| 600 | 1 | 4 |
_aFreud, Sigmund, _d1856-1939 _xCrítica e interpretación _97006 |
| 650 | 4 |
_aPsicoanálisis _91572 |
|
| 650 | 4 |
_aPSICOANALISTAS _97551 |
|
| 905 | _aLibro | ||
| 999 |
_c112303 _d112303 |
||